Statistics for Kort Over Sydamerika Quiz

Click here to take the quiz!

General Stats

  • This quiz has been taken 199 times
  • The average score is 9 of 14

Answers on the Map

Answers color-coded by a green-red scale on the quiz's map according to % correct below.
 

Answer Stats

Answer% Correct
Brasilien
93%
Chile
91%
Argentina
87%
Peru
66%
Falklandsøerne (UK)
65%
Ecuador
64%
Bolivia
62%
Colombia
62%
Paraguay
58%
Venezuela
58%
Uruguay
51%
Fransk Guiana
45%
Suriname
40%
Guyana
38%

Score Distribution

Percentile by Number Answered

Percent of People with Each Score

Your Score History

You have not taken this quiz